logo

Bir Sreshtho Munshi Abdur Rouf Library
Jhenaidah Cadet College

The outbreak of the First World War : (Record no. 8743)

MARC details
000 -LEADER
fixed length control field 00819nam a2200277 a 4500
001 - CONTROL NUMBER
JCCL Control Number 8743
003 - CONTROL NUMBER IDENTIFIER
JCCL marc code BD-JhCC
005 - DATE AND TIME OF LATEST TRANSACTION
control field 20180920091134.0
008 - FIXED-LENGTH DATA ELEMENTS--GENERAL INFORMATION
fixed length control field 180303s1975 mau b 000 0 eng d
020 ## - INTERNATIONAL STANDARD BOOK NUMBER
International Standard Book Number 0669947067
035 ## - SYSTEM CONTROL NUMBER
system control number (BD-JhCC)8743
040 ## - CATALOGING SOURCE
Original cataloging agency BD-JhCC
Transcribing agency DLC
Modifying agency BD-JhCC
041 ## - LANGUAGE CODE
Language code of Book eng
050 00 - LIBRARY OF CONGRESS CALL NUMBER
Classification number D511
Item number .L329 1975
082 00 - DEWEY DECIMAL CLASSIFICATION NUMBER
Classification number 940.3/11
Author mark and Year LEE 1975
100 1# - MAIN ENTRY--PERSONAL NAME
Personal name Lee, Dwight Erwin,
Dates associated with a name 1898-
245 14 - TITLE STATEMENT
Title The outbreak of the First World War :
Remainder of title who was responsible? /
Statement of responsibility, etc edited and with an introd. by Dwight E. Lee.
250 ## - EDITION STATEMENT
Edition statement 4th ed.
260 ## - PUBLICATION, DISTRIBUTION, ETC. (IMPRINT)
Place of publication, distribution, etc Lexington, Mass. :
Name of publisher, distributor, etc Heath,
Date of publication, distribution, etc c1975.
300 ## - PHYSICAL DESCRIPTION
Pagination xvi, 175 p. ;
Dimensions 21 cm.
440 #0 -
Title Problems in European civilization
504 ## - BIBLIOGRAPHY, ETC. NOTE
Bibliography, etc Bibliography: p. 171-175.
650 #0 - SUBJECT ADDED ENTRY--TOPICAL TERM
Topical term or geographic name as entry element World War, 1914-1918
General subdivision Causes.
942 ## - ADDED ENTRY ELEMENTS (KOHA)
Source of classification or shelving scheme Dewey Decimal Classification
Koha item type Books
Holdings
Source of classification or shelving scheme Damaged status Not for loan Home library Current library Shelving location Total Checkouts Full call number Barcode Date last seen Copy number Koha item type
Dewey Decimal Classification     JCC Rouf Library JCC Rouf Library General Stacks   940.3/11 LEE 1975 11382 03/03/2018 C-1 Books

JCC Library | Contacts | JCC Home

Last Update on 23 September 2017
Copyright @ 2017-2020 JCC Rouf Library
Rouf Library, Jhenidah Cadet College (JCC), Bangladesh